| 000 | 00547cam a22002171 4500 | ||
|---|---|---|---|
| 001 | sa 65007282 | ||
| 003 | DLC | ||
| 005 | 20260227112148.0 | ||
| 008 | 831116q19501959xx 000 0 per | ||
| 010 | _asa 65007282 | ||
| 035 | _a(OCoLC)16763458 | ||
| 040 |
_aDLC _cOrPS _dDLC |
||
| 042 | _apremarc | ||
| 050 | 0 | 0 |
_aB753.G33 _bK4 1950z |
| 100 | 1 |
_aGhazzālī, _d1058-1111. |
|
| 245 | 1 | 0 | _aKīmiyā-yi saʻādat. |
| 260 | _c[195-?] | ||
| 300 |
_a8, 591 p. _c25 cm. |
||
| 500 | _aRomanized. | ||
| 650 | 0 |
_aIslamic ethics _xEarly works to 1800. |
|
| 999 |
_c65146 _d65146 |
||